| 000 | 00840nam a22002537a 4500 | ||
|---|---|---|---|
| 003 | DO-SdBNP | ||
| 005 | 20171128155248.0 | ||
| 008 | 171128b 1980 sp a||| 00| 0 spa d | ||
| 020 | _a8470801023 | ||
| 040 |
_aBPMSU _bspa _cBPMSU |
||
| 082 |
_axxxxx _bxxxxx |
||
| 100 | 1 | _aVon Chamisso, Adelbert | |
| 245 | 1 | 3 |
_aLa maravillosa historia de peter schlemihl o el hombre que perdió su sombra / _cAdelbert Von Chamisso ; traducción J. Prat ; edición José Ma. Caradell |
| 250 | _a2a ed. Corregida y aumentada | ||
| 260 |
_aEspaña : _bLa Gaya Ciencia, _c1980. |
||
| 300 |
_a132 p. : _bil. ; _c18 cm. |
||
| 490 | 1 |
_aMoby Dick _v16 |
|
| 700 |
_aPrat, J., _etr. |
||
| 700 | 1 |
_aCarandell, José Ma., _eed. |
|
| 830 | 0 |
_aMoby Dick _n16 |
|
| 942 |
_2ddc _cBK |
||
| 945 | _aInventariado extranjero / 2017 BT | ||
| 956 |
_aBTAVAREZ _b10 _c20171128 _d0038 |
||
| 999 |
_c13187 _d13187 |
||